Kuraāna śarīpha āmapārā. (Record no. 61983)

MARC details
000 -LEADER
fixed length control field 00564cam a22002291 4500
001 - CONTROL NUMBER
control field sa 65001251
003 - CONTROL NUMBER IDENTIFIER
control field DLC
005 - DATE AND TIME OF LATEST TRANSACTION
control field 20260227112108.0
008 - FIXED-LENGTH DATA ELEMENTS--GENERAL INFORMATION
fixed length control field 940523s1962 ii 000 1 beno
010 ## - LIBRARY OF CONGRESS CONTROL NUMBER
LC control number sa 65001251
025 ## - OVERSEAS ACQUISITION NUMBER
Overseas acquisition number PL480:EP-B-566
035 ## - SYSTEM CONTROL NUMBER
System control number (OCoLC)30484068
040 ## - CATALOGING SOURCE
Original cataloging agency DLC
Transcribing agency CU
Modifying agency CU
-- DLC
042 ## - AUTHENTICATION CODE
Authentication code premarc
050 00 - LIBRARY OF CONGRESS CALL NUMBER
Classification number BP104.92
Item number .R3
130 0# - MAIN ENTRY--UNIFORM TITLE
Uniform title Qurʼan.
Form subheading Selections.
Language of a work Bengali.
245 10 - TITLE STATEMENT
Title Kuraāna śarīpha āmapārā.
260 ## - PUBLICATION, DISTRIBUTION, ETC.
Date of publication, distribution, etc. [1962]
300 ## - PHYSICAL DESCRIPTION
Extent 32 p.
Dimensions 24 cm.
500 ## - GENERAL NOTE
General note In Bengali.
700 1# - ADDED ENTRY--PERSONAL NAME
Personal name Rahman, Abdur.

No items available.

Powered by Koha